000 00690nam a2200289Ia 4500
005 20260324144338.0
008 008 260324s9999 xx 000 0 eng d
020 _a9781351317368
037 _aEBOOK
040 _aCRL
040 _beng
040 _cCRL
041 _2eng
041 _aeng
084 _qCRL
100 _aMorrell Heald
_91218978
245 4 _aThe Social Responsibilities of Business
245 0 _bCompany and Community, 1900-1960
260 _bTaylor and Francis
260 _c1988
365 _a
365 _b215
856 _uhttp://www.taylorfrancis.com/books/9781351317368
942 _cEBOOK
999 _c1825479
_d1825479